5HLuxD.jpg

KING HENRY VIII SENIOR AND PRIMARY SCHOOL LIBRARY OPAC

Oxford picture dictionary. (Record no. 3369)

000 -LEADER
fixed length control field 00849cam a2200253 a 4500
001 - CONTROL NUMBER
control field 15032447
003 - CONTROL NUMBER IDENTIFIER
control field OSt
005 - DATE AND TIME OF LATEST TRANSACTION
control field 20231123090927.0
008 - FIXED-LENGTH DATA ELEMENTS--GENERAL INFORMATION
fixed length control field 071003s2008 nyuab b 00| 0 eng
010 ## - LIBRARY OF CONGRESS CONTROL NUMBER
LC control number 2007041017
020 ## - INTERNATIONAL STANDARD BOOK NUMBER
International Standard Book Number 9780194369763
040 ## - CATALOGING SOURCE
Original cataloging agency DLC
Transcribing agency DLC
Modifying agency DLC
-- KH8
082 00 - DEWEY DECIMAL CLASSIFICATION NUMBER
Classification number 423.1 GOL
Edition number 22
100 1# - MAIN ENTRY--PERSONAL NAME
Personal name Adelson-Goldstein, Jayme,
Relator term author.
245 10 - TITLE STATEMENT
Title Oxford picture dictionary.
Name of part/section of a work Monolingual /
Statement of responsibility, etc. Jayme Adelson-Goldstein, Norma Shapiro.
250 ## - EDITION STATEMENT
Edition statement 2nd ed.
260 ## - PUBLICATION, DISTRIBUTION, ETC.
Place of publication, distribution, etc. New York, NY :
Name of publisher, distributor, etc. Oxford University Press,
Date of publication, distribution, etc. c2008.
300 ## - PHYSICAL DESCRIPTION
Extent xi, 285 p. :
Other physical details col. ill., col. maps ;
Dimensions 28 cm.
504 ## - BIBLIOGRAPHY, ETC. NOTE
Bibliography, etc. note Includes bibliographical references (p. 285) and indexes.
650 #0 - SUBJECT ADDED ENTRY--TOPICAL TERM
Topical term or geographic name entry element Picture dictionaries, English.
650 #0 - SUBJECT ADDED ENTRY--TOPICAL TERM
Topical term or geographic name entry element English language
Form subdivision Textbooks for foreign speakers.
700 1# - ADDED ENTRY--PERSONAL NAME
Personal name Shapiro, Norma,
Relator term author.
942 ## - ADDED ENTRY ELEMENTS (KOHA)
Source of classification or shelving scheme
Koha item type Reference
Holdings
Withdrawn status Lost status Source of classification or shelving scheme Damaged status Not for loan Collection code Permanent Location Current Location Shelving location Date acquired Full call number Barcode Date last seen Price effective from Koha item type
          Reference KH8 Senior School Library KH8 Senior School Library Reference 2023-11-23 423.1 GOL 3KHSL000102013 2023-11-23 2023-11-23 Reference

Powered By KH8 IT Dept